| 000 | 00555nam a2200193Ia 4500 | ||
|---|---|---|---|
| 001 | 6291 | ||
| 003 | GE_BSU | ||
| 008 | 181216s||||||||xx |||||||||||||| ||und|| | ||
| 040 | _cGE_BSU | ||
| 080 | _a821.353.1-11 | ||
| 100 | _aბარათაშვილი,ნიკოლოზ. | ||
| 245 | _aბედი ქართლისა. | ||
| 260 | _aთბილისი. | ||
| 260 | _bსაბჭ.საქართველო. | ||
| 260 | _c1958. | ||
| 300 | _a16გვ;20სმ. | ||
| 653 | _aბედი ქართლისა. | ||
| 942 | _cBK | ||
| 999 |
_c39688 _d39688 |
||